ბათუმის შოთა რუსთაველის სახელმწიფო უნივერსიტეტის ბიბლიოთეკა

სასკოლო განათლების სისტემის ფორმირება აჭარაში 1878-1921 წლებში / (ბიბ.ჩანაწერი № 51637)

000 -ლიდერი
ფიქსირებული სიგრძის საკონტროლო ველი 01574nam a2200265Ia 4500
001 - საკონტროლო ნომერი
საკონტროლო ველი 18628
003 - საკონტროლო ნომრის იდენტიფიკატორი
საკონტროლო ველი GE_BSU
005 - ბოლო ოპერაციის თარიღი და დრო
საკონტროლო ველი 20210527112748.0
008 - ფიქსირებული სიგრძის მონაცემთა ელემენტები - ზოგადი ინფორმაცია
ფიქსირებული სიგრძის საკონტროლო ველი 181216s2005||||ge |||||||||||||| ||geo||
040 ## - კატალოგიზაციის წყარო
Transcribing agency GE_BSU
041 ## - ენის კოდი
Language code of text/sound track or separate title geo
080 ## - უნივერსალური ათობითი კლასიფიკაციის ინდექსი
Universal Decimal Classification number 371 ა-13
100 ## - მთავარი ჩანაწერი - პიროვნების სახელი
Personal name აბაშიძე, რომან
9 (RLIN) 10549
245 ## - ცნობა სათაურის შესახებ
Title სასკოლო განათლების სისტემის ფორმირება აჭარაში 1878-1921 წლებში /
Statement of responsibility, etc რომან აბაშიძე ; სამეცნიერო ხელმძღვანელი გ. კვანტალიანი; ი. გოგებაშვილის სახ. პედ. მეცნ. ეროვნ. ინ-ტი.
264 ## - წარმოების, გამოცემის, დისტრიბუციის და სხვა ცნობები
გამოცემის, წარმოების, დისტრიბუციის... ადგილი თბილისი,
გამოცემის, წარმოების, დისტრიბუციის... თარიღი 2005.
300 ## - ფიზიკური აღწერა
Extent 180 გვ. ;
Other physical details ცხრ.
Dimensions 30 სმ.
504 ## - BIBLIOGRAPHY, ETC. NOTE
Bibliography, etc ბიბლიოგრ.: გვ. 164-171
653 ## - INDEX TERM--UNCONTROLLED
Uncontrolled term დისერტაცია
653 ## - INDEX TERM--UNCONTROLLED
Uncontrolled term პედაგოგიკა
653 ## - INDEX TERM--UNCONTROLLED
Uncontrolled term სასკოლო განათლების ისტორია აჭარაში
653 ## - INDEX TERM--UNCONTROLLED
Uncontrolled term სასკოლო განათლების სისტემის ფორმირება აჭარაში 1878-1921 წლებში
700 ## - ADDED ENTRY--PERSONAL NAME
Personal name კვანტალიანი, გ.
Relator term სამეცნიერო ხელმძღვანელი
9 (RLIN) 10550
710 ## - ADDED ENTRY--CORPORATE NAME
Corporate name or jurisdiction name as entry element ი. გოგებაშვილის სახ. პედ. მეცნ. ეროვნ. ინ-ტი.
9 (RLIN) 11897
942 ## - ADDED ENTRY ELEMENTS (KOHA)
Koha item type წიგნი
Source of classification or shelving scheme
ეგზემპლარები
ჩამოწერის სტატუსი დაკარგული ეგზემპლარის სტატუსი კლასიფიკაციის წყარო ან თაროზე გაწყობის სქემა დაზიანების სტატუსი არ გაიცემა მუდმივი მდებარეობა (დაცვის ადგილი) ამჟამინდელი ადგილსამყოფელი თაროზე განთავსების ადგილი შეძენის თარიღი სრული შენახვის შიფრი შტრიხკოდი ბოლო ოპერაციის თარიღი ეგზემპლარის მიმდევრობითი ნომერი (კეტერი?) ფასის ძალაში შესვლის თარიღი ეგზემპლარის სახეობა
          ბათუმის შოთა რუსთაველის სახელმწიფო უნივერსიტეტის მთავარი ბიბლიოთეკა ბათუმის შოთა რუსთაველის სახელმწიფო უნივერსიტეტის მთავარი ბიბლიოთეკა წიგნსაცავი 2018-12-17 371 ა-13 32 დისერტ. 2018-12-17 32 2018-12-17 დისერტაცია